Statistiche per Comuni della Città Metropolitana di Napoli (con mappa)

Clicka qui per fare il quiz!

Statistiche generali

  • Questo quiz è stato fatto 1.008 volte
    (767 dall'ultimo reset)
  • Il punteggio medio è 43 su 92

Risposte nella Mappa

Le risposte nella mappa del quiz sottostante sono codificate secondo una scala di colori dal rosso al verde in base alla % di persone che hanno risposto correttamente.
 

Statistiche sulle risposte

PopolazioneComune% Corretto
970.185Napoli
96%
20.010Ischia
90%
7.201Capri
87%
123.839Giugliano in Campania
84%
81.528Pozzuoli
84%
10.496Procida
84%
53.231Ercolano
82%
16.609Sorrento
82%
85.762Torre del Greco
82%
25.196Pompei
81%
42.627Torre Annunziata
78%
64.558Afragola
77%
66.164Castellammare di Stabia
72%
34.432Nola
70%
55.012Portici
70%
59.830Acerra
67%
7.003Anacapri
67%
77.319Casoria
66%
45.410San Giorgio a Cremano
66%
26.404Bacoli
65%
30.076Frattamaggiore
58%
59.871Marano di Napoli
58%
31.192San Giuseppe Vesuviano
58%
35.100Somma Vesuviana
58%
21.002Vico Equense
58%
39.843Pomigliano d'Arco
57%
16.230Frattaminore
55%
17.749Forio
54%
37.790Caivano
53%
23.760Ottaviano
53%
8.301Casamicciola Terme
52%
7.945Meta
52%
12.826Monte di Procida
52%
37.836Melito di Napoli
51%
10.316Boscotrecase
50%
41.069Quarto
50%
27.918Boscoreale
49%
10.036Barano d'Ischia
48%
29.008Gragnano
47%
14.236Massa Lubrense
47%
18.737Casavatore
46%
34.920Mugnano di Napoli
46%
18.211Cercola
45%
30.046Marigliano
45%
13.026Piano di Sorrento
45%
11.911San Gennaro Vesuviano
45%
24.002Volla
45%
7.697Agerola
43%
49.589Casalnuovo di Napoli
43%
25.766Qualiano
43%
4.842Lacco Ameno
42%
34.560Arzano
41%
27.747Sant'Anastasia
40%
13.468Pollena Trocchia
39%
9.146San Sebastiano al Vesuvio
39%
9.141Sant'Agnello
39%
9.091Trecase
39%
33.852Sant'Antimo
37%
19.745Sant'Antonio Abate
36%
18.935Terzigno
36%
5.352Massa di Somma
35%
11.665Santa Maria la Carità
35%
31.226Villaricca
35%
6.250Lettere
34%
7.836Mariglianella
34%
22.716Cardito
33%
12.898Cicciano
33%
16.045Palma Campania
32%
16.499Brusciano
31%
22.009Poggiomarino
31%
14.286Casandrino
30%
7.193Cimitile
30%
18.015Grumo Nevano
30%
3.147Serrara Fontana
30%
12.133Calvizzano
29%
16.117Saviano
28%
6.054Scisciano
26%
7.009Roccarainola
25%
3.870Casola di Napoli
24%
7.926Castello di Cisterna
24%
6.000Pimonte
24%
3.495San Paolo Bel Sito
22%
6.415San Vitaliano
22%
4.456Visciano
22%
1.615Liveri
21%
3.720Tufino
21%
8.519Striano
19%
2.436Carbonara di Nola
18%
12.326Crispano
18%
5.335Camposano
17%
3.270Casamarciano
17%
1.821Comiziano
17%

Distribuzione punteggi

Percentile per numero di risposta

Percentuale di utenti per punteggio

I tuoi punteggi nel tempo

Non hai fatto questo quiz dall'ultimo reset